The Life Of Pablo Tracklist - Statistics

General Stats
  • This quiz has been taken 26 times
  • The average score is 12 of 20
Answer Stats
# Answer Streams Artist(s) % Correct
4 Famous 695,143,434 Kanye West
100%
2 Father Stretch My Hands Pt. 1 1,464,815,616 Kanye West
100%
3 Pt. 2 274,772,636 Kanye West
69%
1 Ultralight Beam 399,169,847 Kanye West
69%
10 Waves 520,446,513 Kanye West
69%
13 Wolves 316,473,472 Kanye West
69%
17 No More Parties In LA 320,100,715 Kanye West
63%
11 FML 248,491,170 Kanye West
56%
7 Highlights 117,617,275 Kanye West
56%
20 Saint Pablo 258,127,792 Kanye West
56%
16 30 Hours 144,016,472 Kanye West
50%
9 I Love Kanye 137,403,816 Kanye West
50%
6 Low Lights 73,333,633 Kanye West
50%
15 Siiiiiiiiilver Surffffeeeeer Intermission 45,855,449 Kanye West
50%
18 Facts (Charlie Heat Version) 105,411,280 Kanye West
44%
19 Fade 272,145,775 Kanye West
44%
5 Feedback 137,451,215 Kanye West
44%
12 Real Friends 234,350,302 Kanye West
44%
14 Frank's Track 93,626,679 Kanye West
38%
8 Freestyle 4 90,776,090 Kanye West
38%
No matching quizzes found
Score Distribution
Percent of People with Each Score
Percentile by Number Answered
Your Score History
You have not taken this quiz